00318 a2200097 4500001001000000005001700010008004100027245006100068100002400129773006700153ART_3963520260410162005.0260409a 10aContrato de compraventa de material orgánico renovable1 aLencina, Marcelo A.0 tTemas de derecho civilg- Año 2, Nº 7 (jul. 2016)wREV34778